000 00397nam a2200169Ia 4500
001 27859
003 IN-NITTTR
005 20251114233346.0
008 251113s9999||||xx |||||||||||||| ||eng||
040 _beng
040 _cIN-NITTTR
041 _aeng
082 _a891.43308 B1Y
100 _aBhatnagar, Rajendra Mohan
245 0 _aYogi Arvind /
_cBhatnagar, Rajendra Mohan
942 _2ddc
_cBK
999 _c30487
_d30487